Moving the centre : (Record no. 130151)

MARC details
000 -LEADER
fixed length control field 00919cam a2200253 a 4500
008 - FIXED-LENGTH DATA ELEMENTS--GENERAL INFORMATION
fixed length control field
020 ## - INTERNATIONAL STANDARD BOOK NUMBER
International Standard Book Number 0435080792 (pbk.)
049 ## - LOCAL HOLDINGS (OCLC)
Holding library MAIN
090 ## - LOCALLY ASSIGNED LC-TYPE CALL NUMBER (OCLC); LOCAL CALL NUMBER (RLIN)
Classification number (OCLC) (R) ; Classification number, CALL (RLIN) (NR) PL8010
Local cutter number (OCLC) ; Book number/undivided call number, CALL (RLIN) NGU
003 - CONTROL NUMBER IDENTIFIER
control field
005 - DATE AND TIME OF LATEST TRANSACTION
control field 20230123122232.0
040 ## - CATALOGING SOURCE
Transcribing agency NUST
100 0# - MAIN ENTRY--PERSONAL NAME
Personal name Ngugi, wa Thiong'o.
245 10 - TITLE STATEMENT
Title Moving the centre :
Remainder of title the struggle for cultural freedoms /
Statement of responsibility, etc. Ngugi wa Thiongo.
260 ## - PUBLICATION, DISTRIBUTION, ETC.
Place of publication, distribution, etc. London :
Name of publisher, distributor, etc. J. Currey ;
Place of publication, distribution, etc. Portsmouth, N.H. :
Name of publisher, distributor, etc. Heinemann,
Date of publication, distribution, etc. 1993.
300 ## - PHYSICAL DESCRIPTION
Extent xviii, 184 p. ;
Dimensions 22 cm.
440 #0 - SERIES STATEMENT/ADDED ENTRY--TITLE
Title Studies in African literature.
500 ## - GENERAL NOTE
General note A collection of talks and essays, created between 1980 and 1992, and translated from Kikuyu by the author.
500 ## - GENERAL NOTE
General note Includes index.
650 #0 - SUBJECT ADDED ENTRY--TOPICAL TERM
Topical term or geographic name entry element African literature
Chronological subdivision 20th century
General subdivision History and criticism.
650 #0 - SUBJECT ADDED ENTRY--TOPICAL TERM
Topical term or geographic name entry element African literature
General subdivision European influences.
907 ## - LOCAL DATA ELEMENT G, LDG (RLIN)
a .b10376227
b 18-10-16
c 17-10-16
942 ## - ADDED ENTRY ELEMENTS (KOHA)
Koha item type Ordinary Loan Books
Call number prefix PL8010
Call number suffix NGU
Holdings
Date last seen Total Checkouts Full call number Barcode Cost, replacement price Price effective from Koha item type Lost status Source of classification or shelving scheme Damaged status Not for loan Collection Withdrawn status Home library Current library Shelving location Date acquired Cost, normal purchase price
01/23/2023   PL8010 THI 92004041843 80.00 01/23/2023 BOOKS   LCC     NFIC   MAIN MAIN GEN 01/23/2023 80.00